Serie de palabras - Historia de España - Estadísticas

Estadísticas generales
  • Esta prueba ha sido intentada 40 veces
  • La puntuación promedio es 10 de 20
Estadísticas de respuestas
Pista Respuesta % Correcto
Antiguo nombre romano de la península Ibérica Hispania
94%
Emperador francés que intentó, sin éxito, someter a España Napoleón
92%
Imponente fortaleza construida por los emires en Granada Alhambra
89%
Nombre utilizado por los árabes para referirse a esa misma península Al-Andalus
83%
Centro político del Reino de Aragón Zaragoza
81%
Reina "Católica", esposa de Fernando Isabel
75%
Vasco _____ de Balboa, conquistador y descubridor del océano Pacífico Núñez
56%
Batalla naval en la que la Liga Santa, capitaneada por España, derrotó a los otomanos Lepanto
53%
Pequeños reinos que surgieron tras la caída del califato de Córdoba Taifa
47%
Pueblo germánico que se estableció en la actual Galicia Suevo
42%
Ciudad argelina sometida por los castellanos durante dos siglos Orán
39%
General cartaginés que conquistó la ciudad de Sagunto Aníbal
36%
Uno de los líderes del golpe de Estado de 1936, apodado "El León del Rif" (apellido) Sanjurjo
36%
Término utilizado para referirse a los judíos expulsados de España en 1492 Sefardí
36%
Poderoso canciller del califato omeya de Córdoba Almanzor
28%
Río cercano a Barcelona atravesado por la Vía Augusta romana Llobregat
25%
Parte del mundo que quedó reservada a los españoles según el Tratado de Tordesillas Occidente
25%
Isla caribeña que fue sede de las primeras colonias españolas Española
22%
Lugar donde tuvo lugar la legendaria batalla en la que murió el héroe Roldán Roncesvalles
22%
Acogió una conferencia en 1906 para resolver la Primera Crisis de Marruecos Algeciras
19%
No se encontraron pruebas coincidentes
Distribución de puntuación
Porcentaje de gente con cada puntuación
Porcentaje por número respondido
Historial de tus puntuaciones
No has intentado esta prueba.